|
|
|
|
| LEADER |
00679cam a2200205 7i4500 |
| 001 |
0000036608 |
| 005 |
20230316090000.0 |
| 007 |
##ta |
| 020 |
# |
# |
|a x
|
| 040 |
# |
# |
|a MATR
|
| 090 |
0 |
0 |
|a -
|b a
|
| 245 |
0 |
0 |
|a MALAYSIAN STANDARD :
|b Environmental management systems - requirements with guidance for use (Second revision) (ISO 14001:2015, IDT).
|
| 264 |
# |
4 |
|a ♭.
|
| 264 |
# |
0 |
|a Cyberjaya:
|b Department of Standards Malaysia,
|c 2015.
|
| 300 |
# |
# |
|a viii, 36 pages;
|c 29 cm.
|
| 336 |
# |
# |
|a text
|2 rdacontent
|
| 337 |
# |
# |
|a unmediated
|2 rdamedia
|
| 338 |
# |
# |
|a volume
|2 rdacarrier
|
| 504 |
# |
# |
|a Includes bibliographical references and index
|
| 999 |
|
|
|a B000041289
|b Book
|c Malaysia
|e Business Information Centre
|